000 00619nam a22002057a 4500
003 BUBTL
008 181222b xxu||||| |||| 00| 0 eng d
020 _a978-984-33-8070-8
082 _a343.0995492/ K112m/ 2017
100 _92089
_aKabir,Ahmed Ehsanul
245 _aMedia And Cyber Laws In Bangladesh /
_cAhmed Ehsanul Kabir, Shuvra Chowdhury
250 _a3rd Edn.
260 _aDhaka:
_bSufi Prokashoni,
_cc2017
300 _axxii,649 p. :
_c22 cm
650 0 _926
_aLaw
700 _92090
_aChowdhury,Shuvra
856 _k0
_l0
_yDownload
942 _2ddc
_cBK
999 _c5848
_d5848